[Event "Hastings Masters"]
[Site "Hastings, England"]
[Date "2015.01.03"
[Round "6.1"]
[White "Zhao, Jun"]
[WhiteElo "2585"]
[Black "Edouard, Romain"]
[BlackElo "2659"]
[Result "1-0"]

1. d4 {[%clk 1:36:52]} d5 {[%clk 1:39:37]} 2. c4 {[%clk 1:36:54]} dxc4
{[%clk 1:40:03]} 3. Nf3 {[%clk 1:37:06]} Nf6 {[%clk 1:40:21]} 4. e3
{[%clk 1:37:28]} e6 {[%clk 1:40:37]} 5. Bxc4 {[%clk 1:37:47]} c5 {[%clk 1:40:59]}
6. O-O {[%clk 1:38:06]} a6 {[%clk 1:41:26]} 7. dxc5 {[%clk 1:37:50]} Qxd1
{[%clk 1:39:58]} 8. Rxd1 {[%clk 1:38:13]} Bxc5 {[%clk 1:40:22]} 9. Be2
{[%clk 1:36:25]} b6 {[%clk 1:39:30]} 10. Nfd2 {[%clk 1:36:45]} Bb7
{[%clk 1:39:39]} 11. Nc3 {[%clk 1:36:30]} Nbd7 {[%clk 1:37:02]} 12. Nc4
{[%clk 1:34:00]} Bc6 {[%clk 1:35:16]} 13. a3 {[%clk 1:33:46]} O-O
{[%clk 1:32:20]} 14. b4 {[%clk 1:33:53]} Be7 {[%clk 1:32:45]} 15. e4
{[%clk 1:34:10]} b5 {[%clk 1:31:10]} 16. Na5 {[%clk 1:33:23]} Rac8
{[%clk 1:31:36]} 17. Be3 {[%clk 1:29:59]} Ba8 {[%clk 1:29:05]} 18. Rac1
{[%clk 1:30:54]} Rfd8 {[%clk 1:24:12]} 19. f3 {[%clk 1:29:29]} Ne5
{[%clk 1:02:39]} 20. Rxd8+ {[%clk 1:26:36]} Bxd8 {[%clk 0:59:23]} 21. Nb3
{[%clk 1:20:55]} Nfd7 {[%clk 0:44:46]} 22. a4 {[%clk 1:15:16]} Nc4
{[%clk 0:19:41]} 23. Bf2 {[%clk 1:15:22]} Bg5 {[%clk 0:18:40]} 24. Rd1
{[%clk 1:13:13]} Bf6 {[%clk 0:15:12]} 25. axb5 {[%clk 0:57:37]} Bxc3
{[%clk 0:15:32]} 26. Bxc4 {[%clk 0:57:44]} Ne5 {[%clk 0:12:54]} 27. Be2
{[%clk 0:45:44]} axb5 {[%clk 0:13:21]} 28. Rc1 {[%clk 0:46:03]} Bb7
{[%clk 0:13:18]} 29. Bc5 {[%clk 0:45:08]} Bb2 {[%clk 0:12:43]} 30. Rc2
{[%clk 0:37:10]} Ba3 {[%clk 0:13:09]} 31. Ra2 {[%clk 0:32:57]} Ra8
{[%clk 0:13:37]} 32. Bxb5 {[%clk 0:29:34]} f5 {[%clk 0:12:54]} 33. exf5
{[%clk 0:20:52]} exf5 {[%clk 0:09:23]} 34. Nd4 {[%clk 0:20:49]} f4
{[%clk 0:05:54]} 35. Re2 {[%clk 0:18:58]} Ng6 {[%clk 0:06:21]} 36. Bc4+
{[%clk 0:18:31]} Kh8 {[%clk 0:06:49]} 37. Nb5 {[%clk 0:17:54]} h5
{[%clk 0:06:33]} 38. Nd6 {[%clk 0:13:22]} Bc6 {[%clk 0:06:23]} 39. Nf7+
{[%clk 0:13:16]} Kh7 {[%clk 0:06:51]} 40. Bd3 {[%clk 0:13:18]} Be8
{[%clk 0:06:57]} 41. Nd6 {[%clk 0:13:02]} Bd7 {[%clk 0:07:23]} 42. Re7
{[%clk 0:11:18]} Bc1 {[%clk 0:07:51]} 43. Rxd7 {[%clk 0:10:34]} Ra1
{[%clk 0:08:18]} 44. Kf2 {[%clk 0:10:29]} 1-0

[Event "Hastings Masters"]
[Site "Hastings, England"]
[Date "2015.01.03"
[Round "6.2"]
[White "Arkell, Keith C"]
[WhiteElo "2489"]
[Black "Mista, Aleksander"]
[BlackElo "2614"]
[Result "1/2-1/2"]

1. Nf3 {[%clk 1:39:36]} Nf6 {[%clk 1:40:53]} 2. c4 {[%clk 1:40:03]} g6
{[%clk 1:41:12]} 3. Nc3 {[%clk 1:40:22]} Bg7 {[%clk 1:41:24]} 4. d4
{[%clk 1:40:35]} d5 {[%clk 1:41:39]} 5. cxd5 {[%clk 1:40:52]} Nxd5
{[%clk 1:42:05]} 6. g3 {[%clk 1:41:19]} Nxc3 {[%clk 1:41:39]} 7. bxc3
{[%clk 1:41:44]} b6 {[%clk 1:42:07]} 8. Bg2 {[%clk 1:41:45]} Bb7 {[%clk 1:42:33]}
9. O-O {[%clk 1:41:28]} O-O {[%clk 1:42:54]} 10. a4 {[%clk 1:36:30]} c5
{[%clk 1:42:08]} 11. a5 {[%clk 1:29:04]} cxd4 {[%clk 1:38:48]} 12. cxd4
{[%clk 1:29:25]} bxa5 {[%clk 1:35:56]} 13. Qa4 {[%clk 1:25:55]} Be4
{[%clk 1:30:36]} 14. Qxa5 {[%clk 1:02:58]} Qxa5 {[%clk 1:27:59]} 15. Rxa5
{[%clk 1:03:23]} Nc6 {[%clk 1:28:20]} 16. Ra4 {[%clk 1:03:48]} Rfd8
{[%clk 1:28:02]} 17. e3 {[%clk 0:58:08]} a5 {[%clk 1:27:28]} 18. Nd2
{[%clk 0:54:55]} Bxg2 {[%clk 1:27:50]} 19. Kxg2 {[%clk 0:55:21]} e5
{[%clk 1:26:53]} 20. dxe5 {[%clk 0:55:39]} Nxe5 {[%clk 1:25:41]} 21. Nb3
{[%clk 0:55:34]} Nc6 {[%clk 1:21:44]} 22. Ba3 {[%clk 0:53:32]} Rd3
{[%clk 1:17:55]} 23. Rc1 {[%clk 0:48:01]} Rxb3 {[%clk 1:07:04]} 24. Rxc6
{[%clk 0:48:25]} Rb5 {[%clk 1:07:16]} 25. Rc7 {[%clk 0:40:08]} Be5
{[%clk 1:05:17]} 26. Rd7 {[%clk 0:39:06]} h5 {[%clk 1:04:18]} 27. f4
{[%clk 0:39:21]} Bb2 {[%clk 1:03:37]} 28. Kf3 {[%clk 0:36:19]} Bxa3
{[%clk 1:03:55]} 29. Rxa3 {[%clk 0:36:43]} a4 {[%clk 1:04:10]} 30. Rd4
{[%clk 0:36:16]} Rba5 {[%clk 1:04:33]} 31. h3 {[%clk 0:36:05]} Kg7
{[%clk 1:01:59]} 1/2-1/2

[Event "Hastings Masters"]
[Site "Hastings, England"]
[Date "2015.01.03"
[Round "6.3"]
[White "Fier, Alexandr"]
[WhiteElo "2592"]
[Black "Kjartansson, Gudmundur"]
[BlackElo "2451"]
[Result "1/2-1/2"]

1. d4 {[%clk 1:40:56]} d5 {[%clk 1:39:42]} 2. c4 {[%clk 1:41:21]} e6
{[%clk 1:40:08]} 3. Nc3 {[%clk 1:41:47]} c6 {[%clk 1:40:25]} 4. e3
{[%clk 1:42:13]} Nf6 {[%clk 1:40:24]} 5. Nf3 {[%clk 1:42:37]} Nbd7
{[%clk 1:40:45]} 6. Bd3 {[%clk 1:43:03]} dxc4 {[%clk 1:40:43]} 7. Bxc4
{[%clk 1:43:28]} b5 {[%clk 1:41:08]} 8. Bd3 {[%clk 1:43:54]} Bd6 {[%clk 1:41:24]}
9. O-O {[%clk 1:44:19]} O-O {[%clk 1:41:45]} 10. Bd2 {[%clk 1:44:46]} b4
{[%clk 1:33:16]} 11. Ne4 {[%clk 1:44:10]} Nxe4 {[%clk 1:32:46]} 12. Bxe4
{[%clk 1:44:33]} Bb7 {[%clk 1:33:08]} 13. Rc1 {[%clk 1:35:23]} Rc8
{[%clk 1:24:02]} 14. Qa4 {[%clk 1:21:08]} f5 {[%clk 1:08:01]} 15. Bd3
{[%clk 1:08:04]} c5 {[%clk 1:05:52]} 16. Be2 {[%clk 1:08:30]} a5 {[%clk 0:55:30]}
17. dxc5 {[%clk 1:04:10]} Nxc5 {[%clk 0:54:36]} 18. Qd1 {[%clk 1:04:36]} Kh8
{[%clk 0:31:32]} 19. a3 {[%clk 1:04:23]} Ne4 {[%clk 0:29:11]} 20. Rxc8
{[%clk 1:04:36]} Qxc8 {[%clk 0:29:16]} 21. axb4 {[%clk 1:05:03]} axb4
{[%clk 0:29:28]} 22. Qa4 {[%clk 1:00:59]} Qa8 {[%clk 0:23:40]} 23. Qxa8
{[%clk 0:58:25]} Rxa8 {[%clk 0:24:06]} 24. Rd1 {[%clk 0:58:48]} Bd5
{[%clk 0:22:25]} 25. Nd4 {[%clk 0:57:16]} Nxd2 {[%clk 0:17:43]} 26. Rxd2
{[%clk 0:57:42]} Ra1+ {[%clk 0:17:49]} 27. Rd1 {[%clk 0:58:09]} Rxd1+
{[%clk 0:17:55]} 28. Bxd1 {[%clk 0:58:35]} Be5 {[%clk 0:11:50]} 29. f4
{[%clk 0:59:01]} Bf6 {[%clk 0:11:30]} 30. g3 {[%clk 0:59:01]} e5 {[%clk 0:10:27]}
31. fxe5 {[%clk 0:58:06]} Bxe5 {[%clk 0:10:52]} 32. Kf2 {[%clk 0:58:32]} g6
{[%clk 0:09:49]} 33. Nc2 {[%clk 0:51:59]} Bb3 {[%clk 0:08:24]} 34. Ke2
{[%clk 0:52:15]} Bxc2 {[%clk 0:08:17]} 35. Bxc2 {[%clk 0:52:42]} Bxb2
{[%clk 0:08:43]} 36. e4 {[%clk 0:53:09]} fxe4 {[%clk 0:08:10]} 37. Bxe4
{[%clk 0:53:35]} Kg7 {[%clk 0:05:35]} 38. Bc2 {[%clk 0:53:44]} Kf6
{[%clk 0:05:09]} 39. h4 {[%clk 0:54:10]} Ke5 {[%clk 0:02:38]} 40. h5
{[%clk 0:54:22]} gxh5 {[%clk 0:03:00]} 41. Bxh7 {[%clk 0:54:47]} Kf6
{[%clk 0:02:27]} 42. Bc2 {[%clk 0:55:03]} Be5 {[%clk 0:48:32]} 43. Kf3
{[%clk 1:45:16]} Bc7 {[%clk 0:47:09]} 44. g4 {[%clk 1:44:34]} h4 {[%clk 0:47:13]}
45. g5+ {[%clk 1:44:58]} Kxg5 {[%clk 0:47:14]} 1/2-1/2

[Event "Hastings Masters"]
[Site "Hastings, England"]
[Date "2015.01.03"
[Round "6.4"]
[White "Olsarova, Tereza"]
[WhiteElo "2302"]
[Black "Bogner, Sebastian"]
[BlackElo "2586"]
[Result "1/2-1/2"]

1. e4 {[%clk 1:40:55]} c5 {[%clk 1:35:19]} 2. Nf3 {[%clk 1:41:19]} e6
{[%clk 1:34:41]} 3. d4 {[%clk 1:41:42]} cxd4 {[%clk 1:35:10]} 4. Nxd4
{[%clk 1:42:03]} Nc6 {[%clk 1:35:39]} 5. Nc3 {[%clk 1:41:29]} Qc7
{[%clk 1:36:00]} 6. Be3 {[%clk 1:38:55]} a6 {[%clk 1:35:40]} 7. Be2
{[%clk 1:38:28]} Nf6 {[%clk 1:35:59]} 8. O-O {[%clk 1:37:41]} Be7
{[%clk 1:35:16]} 9. f4 {[%clk 1:32:32]} d6 {[%clk 1:35:28]} 10. Kh1
{[%clk 1:31:41]} O-O {[%clk 1:35:18]} 11. Qe1 {[%clk 1:30:09]} Nxd4
{[%clk 1:35:26]} 12. Bxd4 {[%clk 1:30:35]} b5 {[%clk 1:35:43]} 13. Qg3
{[%clk 1:28:59]} Bb7 {[%clk 1:35:15]} 14. e5 {[%clk 1:29:19]} Ne8
{[%clk 1:19:17]} 15. Bd3 {[%clk 1:20:03]} dxe5 {[%clk 1:12:17]} 16. Bxe5
{[%clk 1:19:25]} Qb6 {[%clk 1:05:48]} 17. Ne4 {[%clk 0:57:21]} f6
{[%clk 1:04:57]} 18. Bc3 {[%clk 0:45:59]} b4 {[%clk 0:49:06]} 19. Bd2
{[%clk 0:44:55]} g6 {[%clk 0:41:42]} 20. f5 {[%clk 0:40:09]} exf5
{[%clk 0:41:24]} 21. Rxf5 {[%clk 0:39:28]} Nd6 {[%clk 0:30:38]} 22. Nxd6
{[%clk 0:36:10]} Bxd6 {[%clk 0:30:21]} 23. Bf4 {[%clk 0:35:14]} Rad8
{[%clk 0:21:41]} 24. Re1 {[%clk 0:29:56]} Kh8 {[%clk 0:15:08]} 25. Bxd6
{[%clk 0:29:37]} Qxd6 {[%clk 0:13:25]} 26. Qxd6 {[%clk 0:26:07]} Rxd6
{[%clk 0:13:53]} 27. Rf4 {[%clk 0:26:28]} a5 {[%clk 0:13:43]} 28. Re7
{[%clk 0:25:21]} Bd5 {[%clk 0:11:28]} 29. h3 {[%clk 0:16:46]} Rf7
{[%clk 0:06:57]} 30. Re8+ {[%clk 0:13:58]} Kg7 {[%clk 0:07:25]} 31. Bc4
{[%clk 0:14:12]} Rc7 {[%clk 0:07:13]} 32. Bxd5 {[%clk 0:11:56]} Rxd5
{[%clk 0:07:38]} 33. c3 {[%clk 0:07:38]} bxc3 {[%clk 0:07:35]} 34. bxc3
{[%clk 0:08:04]} g5 {[%clk 0:04:10]} 35. Rf3 {[%clk 0:04:01]} f5 {[%clk 0:03:49]}
36. Rfe3 {[%clk 0:03:06]} Rdc5 {[%clk 0:01:40]} 37. R3e5 {[%clk 0:02:20]} Kg6
{[%clk 0:01:30]} 38. R8e6+ {[%clk 0:01:48]} Kh5 {[%clk 0:01:20]} 39. Re7
{[%clk 0:01:38]} h6 {[%clk 0:00:52]} 40. Rxf5 {[%clk 0:01:30]} Rxf5
{[%clk 0:00:39]} 41. Rxc7 {[%clk 0:01:59]} Rf2 {[%clk 0:00:41]} 42. a4
{[%clk 0:01:32]} Ra2 {[%clk 0:49:27]} 43. Rc4 {[%clk 0:41:44]} Kg6
{[%clk 0:49:48]} 44. Kh2 {[%clk 0:41:46]} Kf6 {[%clk 0:50:13]} 45. Kg3
{[%clk 0:41:32]} Ke6 {[%clk 0:47:42]} 46. Rc6+ {[%clk 0:39:46]} Kf7
{[%clk 0:47:51]} 47. Rxh6 {[%clk 0:36:33]} Rxa4 {[%clk 0:48:20]} 48. Rc6
{[%clk 0:36:46]} Ra2 {[%clk 0:46:16]} 49. Kf3 {[%clk 0:35:43]} a4
{[%clk 0:45:55]} 50. g3 {[%clk 0:35:03]} Rd2 {[%clk 0:19:09]} 51. Rc5
{[%clk 0:26:39]} Kf6 {[%clk 0:17:42]} 52. Kg4 {[%clk 0:26:11]} a3
{[%clk 0:15:05]} 53. Rc6+ {[%clk 0:22:47]} Ke5 {[%clk 0:15:09]} 54. Kxg5
{[%clk 0:22:14]} Rd6 {[%clk 0:14:03]} 55. Rc8 {[%clk 0:22:18]} Ra6
{[%clk 0:14:24]} 56. Re8+ {[%clk 0:22:27]} Kd5 {[%clk 0:14:53]} 57. Re1
{[%clk 0:22:24]} a2 {[%clk 0:13:15]} 58. Ra1 {[%clk 0:22:42]} Kc4
{[%clk 0:09:32]} 59. h4 {[%clk 0:20:02]} Ra5+ {[%clk 0:05:20]} 60. Kf4
{[%clk 0:14:10]} Kxc3 {[%clk 0:05:40]} 61. h5 {[%clk 0:11:11]} Kb2
{[%clk 0:05:48]} 62. Rxa2+ {[%clk 0:11:35]} Rxa2 {[%clk 0:06:13]} 63. g4
{[%clk 0:09:02]} Kc3 {[%clk 0:06:05]} 64. g5 {[%clk 0:07:06]} Kd4
{[%clk 0:01:45]} 65. h6 {[%clk 0:05:00]} Rf2+ {[%clk 0:12:24]} 66. Kg3
{[%clk 0:15:40]} Rf8 {[%clk 0:11:32]} 67. g6 {[%clk 0:14:54]} Ke5
{[%clk 0:11:04]} 68. g7 {[%clk 0:14:36]} Rg8 {[%clk 0:11:27]} 69. Kf3
{[%clk 0:14:13]} Kf6 {[%clk 0:11:54]} 70. h7 {[%clk 0:14:38]} Kxg7
{[%clk 0:12:21]} 71. hxg8=Q+ {[%clk 0:15:02]} Kxg8 {[%clk 0:12:47]} 1/2-1/2

[Event "Hastings Masters"]
[Site "Hastings, England"]
[Date "2015.01.03"
[Round "6.5"]
[White "Gledura, Benjamin"]
[WhiteElo "2450"]
[Black "Lagarde, Maxime"]
[BlackElo "2576"]
[Result "1/2-1/2"]

1. Nf3 {[%clk 1:40:56]} Nf6 {[%clk 1:39:46]} 2. g3 {[%clk 1:41:05]} b5
{[%clk 1:39:46]} 3. Bg2 {[%clk 4:54:23]} Bb7 {[%clk 1:40:11]} 4. O-O
{[%clk 1:37:21]} e6 {[%clk 1:40:15]} 5. b3 {[%clk 1:37:03]} c5 {[%clk 1:39:07]}
6. c4 {[%clk 1:37:03]} b4 {[%clk 1:37:04]} 7. Bb2 {[%clk 1:31:01]} d6
{[%clk 1:33:04]} 8. d4 {[%clk 1:26:26]} Nbd7 9. d5 {[%clk 1:24:15]} exd5
{[%clk 1:30:16]} 10. Nh4 {[%clk 1:23:05]} g6 {[%clk 1:30:25]} 11. Nd2
{[%clk 1:19:27]} Bg7 {[%clk 1:30:03]} 12. cxd5 {[%clk 1:10:55]} O-O
{[%clk 1:30:25]} 13. e4 {[%clk 0:59:58]} Re8 {[%clk 1:15:22]} 14. Nc4
{[%clk 0:59:34]} Nxe4 {[%clk 1:05:06]} 15. Bxg7 {[%clk 0:59:25]} Kxg7
{[%clk 1:05:22]} 16. Bxe4 {[%clk 0:59:44]} Rxe4 {[%clk 1:05:49]} 17. Nxd6
{[%clk 1:00:04]} Rd4 {[%clk 1:05:49]} 18. Nhf5+ {[%clk 0:56:03]} gxf5
{[%clk 1:06:12]} 19. Nxf5+ {[%clk 0:56:03]} Kh8 {[%clk 1:00:45]} 20. Nxd4
{[%clk 0:54:26]} cxd4 {[%clk 1:01:11]} 21. Qxd4+ {[%clk 0:49:51]} Qf6
{[%clk 1:01:03]} 22. Rad1 {[%clk 0:49:14]} a5 {[%clk 0:59:29]} 23. Rfe1
{[%clk 0:48:55]} Qxd4 {[%clk 0:57:39]} 24. Rxd4 {[%clk 0:49:15]} Nf6
{[%clk 0:56:30]} 25. d6 {[%clk 0:48:17]} Kg7 {[%clk 0:49:38]} 26. h3
{[%clk 0:43:23]} h5 {[%clk 0:44:16]} 27. Re5 {[%clk 0:40:59]} a4 {[%clk 0:31:28]}
28. bxa4 {[%clk 0:36:16]} Rxa4 {[%clk 0:31:35]} 29. d7 {[%clk 0:32:45]} Nxd7
{[%clk 0:31:57]} 30. Rxd7 {[%clk 0:32:54]} b3 {[%clk 0:30:40]} 31. Rxb7
{[%clk 0:10:59]} bxa2 {[%clk 0:31:06]} 32. Re1 {[%clk 0:11:11]} a1=Q
{[%clk 0:31:30]} 33. Rxa1 {[%clk 0:11:36]} Rxa1+ {[%clk 0:31:56]} 34. Kg2
{[%clk 0:11:56]} Ra3 {[%clk 0:32:23]} 35. Rb4 {[%clk 0:10:36]} Kg6
{[%clk 0:32:44]} 36. Re4 {[%clk 0:10:45]} Rb3 {[%clk 0:33:07]} 37. Re3
{[%clk 0:11:05]} Rb4 {[%clk 0:33:33]} 38. Kf3 {[%clk 0:11:04]} Rb2
{[%clk 0:32:42]} 39. Ra3 {[%clk 0:10:50]} Rc2 {[%clk 0:33:00]} 40. Ra6+
{[%clk 0:11:12]} f6 {[%clk 0:33:16]} 41. g4 {[%clk 0:06:42]} hxg4+
{[%clk 0:33:38]} 42. hxg4 {[%clk 0:07:05]} Rb2 {[%clk 0:33:24]} 43. Kg3
{[%clk 0:07:27]} Rb3+ {[%clk 0:33:13]} 44. f3 {[%clk 0:06:41]} Rc3
{[%clk 0:33:37]} 45. Rd6 {[%clk 0:06:30]} Ra3 {[%clk 0:33:41]} 46. Kf4
{[%clk 0:06:27]} Ra4+ {[%clk 0:34:06]} 47. Ke3 {[%clk 0:06:50]} Ra3+
{[%clk 0:34:33]} 48. Kf2 {[%clk 0:06:13]} Rb3 {[%clk 0:34:44]} 49. f4
{[%clk 0:06:27]} Kg7 {[%clk 0:33:29]} 50. Re6 {[%clk 0:06:31]} Ra3
{[%clk 0:32:43]} 51. Re3 {[%clk 0:06:36]} Ra1 {[%clk 0:32:11]} 52. Rb3
{[%clk 0:06:26]} Kg6 {[%clk 0:31:09]} 53. Rb6 {[%clk 0:06:43]} Kg7
{[%clk 0:30:56]} 54. Kf3 {[%clk 0:06:25]} Ra4 {[%clk 0:31:18]} 55. Kg3
{[%clk 0:05:15]} Ra1 {[%clk 0:30:01]} 56. f5 {[%clk 0:04:47]} Rg1+
{[%clk 0:29:34]} 57. Kf4 {[%clk 0:05:06]} Rf1+ {[%clk 0:25:39]} 58. Ke4
{[%clk 0:05:24]} Re1+ {[%clk 0:25:26]} 59. Kd5 {[%clk 0:04:45]} Rd1+
{[%clk 0:25:52]} 60. Ke6 {[%clk 0:04:03]} Re1+ {[%clk 0:25:40]} 61. Kd6
{[%clk 0:03:53]} Re4 {[%clk 0:24:13]} 62. Rb7+ {[%clk 0:04:00]} Kf8
{[%clk 0:24:14]} 63. Ra7 {[%clk 0:01:43]} Re1 {[%clk 0:22:14]} 64. Kd5
{[%clk 0:49:22]} Re5+ {[%clk 1:12:28]} 65. Kd4 {[%clk 0:49:46]} Re1
{[%clk 1:12:46]} 66. Ra3 {[%clk 0:47:57]} Kf7 {[%clk 1:12:38]} 67. Re3
{[%clk 0:48:19]} Rd1+ {[%clk 1:12:26]} 68. Ke4 {[%clk 0:48:43]} Rg1
{[%clk 1:12:42]} 69. Kf4 {[%clk 0:48:58]} Rf1+ {[%clk 1:11:46]} 70. Kg3
{[%clk 0:49:17]} 1/2-1/2

[Event "Hastings Masters"]
[Site "Hastings, England"]
[Date "2015.01.03"
[Round "6.6"]
[White "Hebden, Mark L"]
[WhiteElo "2523"]
[Black "Galyas, Miklos"]
[BlackElo "2428"]
[Result "1-0"]

1. d4 f5 2. Nf3 Nf6 3. g3 g6 4. Bg2 Bg7 5. O-O O-O 6. c4 d6 7. Nc3 c6 8. Rb1 a5
9. b3 Na6 10. Bb2 Bd7 11. d5 Nc5 12. Ne1 cxd5 13. Nxd5 Rc8 14. Nd3 Nce4 15. Nxf6+
Bxf6 16. Nf4 e5 17. Nd5 Bg7 18. Nc3 Nxc3 19. Bxc3 Bc6 20. Qd2 e4 21. Bxa5 Qe7 22.
Rbd1 Be5 23. f4 exf3 24. Bxf3 Qg7 25. Bb4 Rcd8 26. Bd5+ Kh8 27. Rf3 g5 28. Rd3
Be8 29. Bg2 f4 30. Bc3 Ra8 31. a4 Bh5 32. Bxe5 dxe5 33. Rd7 Qf6 34. Be4 Qb6+ 35.
Kg2 Bg6 36. Qd5 Rae8 37. Qxb7 Qxb7 38. Bxb7 e4 39. c5 Bh5 40. Ba6 f3+ 41. exf3
{[%clk 1:11:23]} exf3+ {[%clk 0:39:18]} 42. Kf1 f2 43. R7d4 Bxd1 44. Rxd1 Re3 45.
c6 Rc3 46. Bc4 Rc8 47. Bd5 Rd8 48. Kxf2 Rxc6 49. Bxc6 Rxd1 50. a5 Ra1 51. b4 Kg7
52. Ke3 Kf6 53. Kd4 Ke7 54. Kc5 Kd8 55. Kb6 Kc8 56. a6 Kb8 57. b5 h6 58. Bd5 Ra3
59. Bc4 Ra1 60. Kc5 Rc1 61. b6 h5 62. Kd4 Rd1+ 63. Ke4 1-0

[Event "Hastings Masters"]
[Site "Hastings, England"]
[Date "2015.01.03"
[Round "6.7"]
[White "Sowray, Peter J"]
[WhiteElo "2365"]
[Black "Rodshtein, Maxim"]
[BlackElo "2676"]
[Result "0-1"]

1. d4 Nf6 2. c4 e6 3. Nc3 Bb4 4. e3 b6 5. Nge2 Ba6 6. a3 Bxc3+ 7. Nxc3 d5 8. b3
O-O 9. Be2 Nc6 10. a4 Na5 11. Nb5 c6 12. Na3 c5 13. Nb5 Bb7 14. O-O a6 15. Na3
Ne4 16. Bb2 Qg5 17. g3 Rfd8 18. Qc2 Rac8 19. Bf3 h5 20. Rad1 h4 21. Bg2 hxg3 22.
hxg3 f5 23. dxc5 bxc5 24. Nb1 Nc6 25. cxd5 Nb4 26. Qe2 exd5 27. Nc3 Re8 28. Nxe4
fxe4 29. Bc3 Nd3 30. Rxd3 exd3 31. Qxd3 c4 32. Qb1 Qe7 33. bxc4 Rxc4 34. Qb3 Rec8
35. Bd2 Bc6 36. Rb1 Qf7 37. Qb6 d4 38. Bxc6 dxe3 39. Bxe3 R4xc6 40. Qd4 Rc4 41.
Qd1 R4c7 42. Qd3 Rc6 43. a5 Qa2 44. Qb3+ Qxb3 45. Rxb3 Rd8 46. Rb7 Rd5 47. Bb6 g5
48. Kg2 g4 49. Re7 Rc4 50. Re2 Kf7 51. f3 Rd3 52. fxg4 Rxg4 53. Bf2 Rg5 54. Be1
Ra3 55. Rc2 Re5 56. Bb4 Rb3 57. Rc4 Ke6 58. Kh3 Rh5+ 59. Kg4 Rh8 60. Bc3 Rg8+ 61.
Kf4 Kd5 62. Rc7 Ra3 63. Kf3 Rg6 64. Kf4 Ra4+ 65. Kf3 Rg5 66. Be1 Re5 67. Bd2 Rf5+
68. Ke2 Re4+ 69. Kd1 Rf1+ 70. Kc2 Rf2 71. Rd7+ Kc6 72. Rd8 Rg2 73. Kd3 Re5 74.
Kc4 Rxg3 75. Rc8+ Kb7 76. Rd8 Rg4+ 77. Kb3 Rb5+ 78. Ka3 Rg1 79. Ka2 Rd1 80. Rd7+
Kc8 81. Rd4 Rxa5+ 82. Kb2 Rc5 83. Rd3 Kb7 84. Rd6 Rb5+ 85. Ka2 Kc7 86. Rd3 Kc6
87. Rd8 Rd5 0-1

[Event "Hastings Masters"]
[Site "Hastings, England"]
[Date "2015.01.03"
[Round "6.8"]
[White "Flear, Glenn C"]
[WhiteElo "2460"]
[Black "Sengupta, Deep"]
[BlackElo "2566"]
[Result "0-1"]

1. d4 {[%clk 1:36:50]} d5 {[%clk 1:40:53]} 2. c4 {[%clk 1:37:11]} dxc4
{[%clk 1:41:18]} 3. e4 {[%clk 1:36:42]} Nf6 {[%clk 1:41:42]} 4. e5
{[%clk 1:36:54]} Nd5 {[%clk 1:42:08]} 5. Bxc4 {[%clk 1:37:17]} Nb6
{[%clk 1:42:33]} 6. Bd3 {[%clk 1:36:52]} Nc6 {[%clk 1:42:56]} 7. Be3
{[%clk 1:36:50]} Be6 {[%clk 1:43:18]} 8. Nf3 {[%clk 1:34:02]} Qd7
{[%clk 1:40:42]} 9. Nbd2 {[%clk 1:25:43]} Nb4 {[%clk 1:32:42]} 10. Be4
{[%clk 1:20:21]} Bf5 {[%clk 1:24:04]} 11. O-O {[%clk 1:09:20]} N4d5
{[%clk 1:21:24]} 12. Qc2 {[%clk 1:05:52]} e6 {[%clk 1:16:51]} 13. Bxf5
{[%clk 0:58:27]} exf5 {[%clk 1:17:19]} 14. Nb3 {[%clk 0:58:28]} c6
{[%clk 1:05:05]} 15. Rae1 {[%clk 0:49:47]} O-O-O {[%clk 0:52:55]} 16. Bd2
{[%clk 0:33:44]} g6 {[%clk 0:36:56]} 17. Nc5 {[%clk 0:27:05]} Bxc5
{[%clk 0:34:19]} 18. dxc5 {[%clk 0:21:48]} Na8 {[%clk 0:34:45]} 19. Ba5
{[%clk 0:21:37]} Rde8 {[%clk 0:30:07]} 20. g3 {[%clk 0:20:05]} Kb8
{[%clk 0:25:21]} 21. Re2 {[%clk 0:17:25]} f4 {[%clk 0:21:50]} 22. Qb3
{[%clk 0:10:46]} Nac7 {[%clk 0:17:57]} 23. Bxc7+ {[%clk 0:10:34]} Qxc7
{[%clk 0:18:21]} 24. Rfe1 {[%clk 0:10:24]} Re7 {[%clk 0:17:11]} 25. Nd4
{[%clk 0:09:47]} Rhe8 {[%clk 0:16:24]} 26. e6 {[%clk 0:05:07]} fxe6
{[%clk 0:16:43]} 27. Nxe6 {[%clk 0:04:39]} Qa5 {[%clk 0:07:13]} 28. gxf4
{[%clk 0:02:46]} Nc7 {[%clk 0:02:46]} 29. f5 {[%clk 0:00:43]} gxf5
{[%clk 0:02:56]} 30. Nxc7 {[%clk 0:00:34]} Rxe2 {[%clk 0:01:17]} 31. Rxe2
{[%clk 0:00:58]} Rxe2 {[%clk 0:01:43]} 32. Qg8+ {[%clk 0:00:33]} Kxc7
{[%clk 4:04:14]} 33. Qxh7+ {[%clk 0:00:52]} Kd8 {[%clk 0:01:40]} 34. Qxf5
{[%clk 0:00:56]} Qe1+ {[%clk 0:01:37]} 35. Kg2 {[%clk 0:01:21]} Re8
{[%clk 0:02:01]} 36. Qd3+ {[%clk 0:00:31]} Kc8 {[%clk 0:02:18]} 0-1

[Event "Hastings Masters"]
[Site "Hastings, England"]
[Date "2015.01.03"
[Round "6.9"]
[White "Wallner, Joachim"]
[WhiteElo "2340"]
[Black "Hawkins, Jonathan"]
[BlackElo "2552"]
[Result "1/2-1/2"]

1. e4 {[%clk 1:38:29]} c6 {[%clk 1:40:40]} 2. d4 {[%clk 1:38:51]} d5
{[%clk 1:41:03]} 3. Nd2 {[%clk 1:37:28]} dxe4 {[%clk 1:41:26]} 4. Nxe4
{[%clk 1:37:56]} Nd7 {[%clk 1:41:49]} 5. Ng5 {[%clk 1:36:42]} Ngf6
{[%clk 1:42:12]} 6. Bd3 {[%clk 1:37:09]} e6 {[%clk 1:42:04]} 7. N1f3
{[%clk 1:36:13]} Bd6 {[%clk 1:42:26]} 8. Qe2 {[%clk 1:36:38]} h6 {[%clk 1:42:36]}
9. Ne4 {[%clk 1:37:06]} Nxe4 {[%clk 1:42:58]} 10. Qxe4 {[%clk 1:37:33]} Qc7
{[%clk 1:43:12]} 11. Qg4 {[%clk 1:25:06]} Kf8 {[%clk 1:43:31]} 12. Nd2
{[%clk 1:25:09]} e5 {[%clk 1:42:13]} 13. Nc4 {[%clk 1:25:19]} Nb6
{[%clk 1:39:22]} 14. Qh4 {[%clk 1:21:26]} Nxc4 {[%clk 1:38:15]} 15. Bxc4
{[%clk 1:21:53]} exd4 {[%clk 1:37:39]} 16. Qxd4 {[%clk 1:22:16]} Bf5
{[%clk 1:37:09]} 17. Bd3 {[%clk 1:18:58]} Bxd3 {[%clk 1:28:44]} 18. Qxd3
{[%clk 1:19:14]} Rd8 {[%clk 1:29:04]} 19. Qf3 {[%clk 1:06:26]} Be5
{[%clk 1:26:12]} 20. c3 {[%clk 1:02:08]} g6 {[%clk 1:26:20]} 21. Be3
{[%clk 1:01:55]} Kg7 {[%clk 1:26:04]} 22. h3 {[%clk 1:01:04]} Rd5
{[%clk 1:16:31]} 23. O-O {[%clk 1:01:16]} Rhd8 {[%clk 1:16:12]} 24. Rfd1
{[%clk 1:00:56]} Qd7 {[%clk 1:15:54]} 25. Rxd5 {[%clk 1:01:06]} Qxd5
{[%clk 1:16:18]} 26. Qxd5 {[%clk 1:01:23]} Rxd5 {[%clk 1:16:42]} 27. Bxa7
{[%clk 0:53:21]} Rb5 {[%clk 1:16:25]} 28. Re1 {[%clk 0:52:05]} Bf6
{[%clk 1:16:16]} 29. Re2 {[%clk 0:51:20]} Ra5 {[%clk 1:16:40]} 30. Be3
{[%clk 0:50:10]} Rxa2 {[%clk 1:17:05]} 31. Rd2 {[%clk 0:50:17]} b5
{[%clk 1:14:04]} 1/2-1/2